Zdrojové financování sportovních zařízení v USA a v Evropě
Finančné zdroje výstavby multifunkčných športových zariadení vo svete tvoria súkromné prostriedky a prostriedky z verejného sektora. Výsledky analýzy multifunkčných športových zariadení v USA ukazujú výrazne odlišné prístupy k tvorbe finančných zdrojov, odlišný objem i využívanie rôznych foriem vere...
Salvato in:
| Autore principale: | |
|---|---|
| Altri autori: | |
| Natura: | Capitolo di libro |
| Lingua: | ceco |
| Soggetti: | |
| Tags: |
Nessun Tag, puoi essere il primo ad aggiungerne!!
|
MARC
| LEADER | 00000naa$a2200000$$$4500 | ||
|---|---|---|---|
| 001 | 0041526 | ||
| 005 | 20231107071447.0 | ||
| 041 | 0 | |a cze | |
| 044 | |a CZ | ||
| 245 | 1 | 0 | |a Zdrojové financování sportovních zařízení v USA a v Evropě |c Eva Čáslavová, Zbyněk Černý |
| 520 | |a Finančné zdroje výstavby multifunkčných športových zariadení vo svete tvoria súkromné prostriedky a prostriedky z verejného sektora. Výsledky analýzy multifunkčných športových zariadení v USA ukazujú výrazne odlišné prístupy k tvorbe finančných zdrojov, odlišný objem i využívanie rôznych foriem verejnej podpory. | ||
| 610 | 2 | 0 | |a zdroje finančné |
| 610 | 2 | 0 | |a financovanie |
| 610 | 2 | 0 | |a šport |
| 610 | 2 | 0 | |a budovy |
| 610 | 2 | 0 | |a USA |
| 610 | 2 | 0 | |a Európa |
| 610 | 2 | 0 | |a financie verejné |
| 610 | 2 | 0 | |a financie osobné |
| 610 | 2 | 0 | |a prostriedky peňažné |
| 100 | 1 | |a Čáslavová, Eva | |
| 700 | 1 | |a Černý, Zbyněk | |